| 000 | 00684nam a2200229 a 4500 | ||
|---|---|---|---|
| 999 |
_c8114 _d8114 |
||
| 001 | 8114 | ||
| 003 | BD-JhCC | ||
| 005 | 20180925171602.0 | ||
| 008 | 180218b2000 bg |||| ||a| 000 0 ben d | ||
| 020 | _a9845552102 | ||
| 035 | _a(BD-JhCC) 8114 | ||
| 040 |
_aBD-JhCC _dBD-JhCC |
||
| 041 | _aben | ||
| 082 |
_a780.1 _bHAQ 2000 |
||
| 100 | _aহক, আসাদুল | ||
| 245 |
_aইসলামী ঐতিহ্যে নজরুল সঙ্গীত / _cআসাদুল হক, |
||
| 260 |
_aঢাকা : _bনজরুল ইন্সটিটিউট , _c2000 |
||
| 300 |
_a92 p .: _c22 cm . |
||
| 650 | _aMusic, Nazrul songs | ||
| 942 |
_2ddc _cBK |
||